Seni Khat (seminar dan pameran).
| Corporate Author: | |
|---|---|
| Format: | Book |
| Published: |
Petaling Jaya:
Persatuan Seni Khat Kebangsaan (PSKK),
2010.
|
| Subjects: |
| LEADER | 00491cam a2200157 7i4500 | ||
|---|---|---|---|
| 001 | 0000029942 | ||
| 005 | 20130830090000.0 | ||
| 020 | 0 | 0 | |a 9789675767005 |
| 090 | 0 | 0 | |a B 745.619927 |b PER |
| 110 | 2 | 0 | |a Persatuan Seni Khat Kebangsaan (PSKK) |
| 245 | 2 | 0 | |a Seni Khat (seminar dan pameran). |
| 260 | 0 | 0 | |a Petaling Jaya: |b Persatuan Seni Khat Kebangsaan (PSKK), |c 2010. |
| 300 | # | # | |a 108 p. |
| 650 | 0 | 0 | |a Caligraphy, Islamic |
| 650 | 0 | 0 | |a Khat, Islamic arts |
| 999 | |a 0000032047 |b Book |c Book |e Business Information Centre | ||


